Countries Closest to Brazil - Sudden Death - Statistics

General Stats
  • This quiz has been taken 26 times
  • The average score is 8 of 15
Answers on the Grid
Answers color-coded by a green-red scale on the quiz's grid according to % correct below.
Suriname
Guyana
Venezuela
Colombia
Peru
Bolivia
Paraguay
Argentina
Uruguay
Ecuador
Trinidad and Tobago
Chile
Granada
Saint Vincent and the Grenadines
Barbados
Panama
Dominica
Antigua and Barbuda
Saint Kitts and Nevis
Cuba
Haiti
Dominican Republic
Jamaica
Bahamas
Costa Rica
Honduras
El Salvador
Mexico
Guatemala
Belize
 
Answer Stats
Answer % Correct
Argentina
95%
Paraguay
77%
Bolivia
73%
Chile
73%
Peru
73%
Uruguay
73%
Colombia
68%
Ecuador
68%
Suriname
68%
Venezuela
59%
Guyana
55%
Trinidad and Tobago
23%
Saint Vincent and the Grenadines
9%
Barbados
5%
Granada
5%
No matching quizzes found
Score Distribution
Percent of People with Each Score
Percentile by Number Answered
Your Score History
You have not taken this quiz